Statistiken für Schnelle Mathematik - Zahlen Level 12

Klicken Sie hier um das Quiz zu spielen!

Allgemein

  • Dieses Quiz wurde 86 mal gespielt
  • Das Durchschnittsergebnis liegt bei 28 aus 40

Antwortstatistiken

ZahlZahl% Korrekt
88
89%
99
89%
44
86%
99
86%
88
85%
33
82%
66
81%
11
80%
11
80%
55
80%
22
79%
55
79%
33
78%
66
78%
00
76%
00
76%
11
76%
11
76%
00
75%
11
75%
33
75%
55
75%
22
73%
66
72%
22
71%
77
71%
77
71%
88
71%
99
71%
99
71%
33
70%
33
70%
22
69%
55
69%
66
69%
88
69%
44
68%
77
68%
00
67%
44
67%
66
67%
77
67%
00
65%
22
65%
22
65%
44
65%
44
64%
88
64%
99
63%
99
62%
66
61%
33
58%
44
56%
77
56%
11
55%
88
55%
00
52%
55
52%
55
46%
77
45%

Verteilung der Resultate

Perzentil nach korrekt beantworteten Fragen

Anzahl Personen mit jedem Resultat

Ihre Resultats-Entwicklung

Sie haben dieses Quiz noch nicht gespielt